Statistiques concernant Culture Générale - Série 379

Cliquez ici pour prendre le quiz!

Statistiques générales

  • Ce quiz a été pris 191 fois
  • Le résultat moyen est 8 sur 10

Statistiques - réponses

QuestionRéponse% Correct
Quel chanteur américain était surnommé "The King" ?Elvis Presley
96%
Quelle Française a donné deux enfants à Johnny Depp ?Vanessa Paradis
95%
Quel est le prénom de la femme de l'ancien président des Etats-Unis Bill Clinton ?Hillary
92%
Quel est le prénom du boxeur incarné 6 fois au cinéma par Sylvester Stallone ?Rocky
92%
Selon la chanson enfantine, que plante-on avec le doigt, le nez, le genou ou encore le coude ?Les choux
91%
Complétez la comptine suivante : "Am stram gram Pic et pic et colégram Bour et bour et...Ratatam
88%
Quelle danse, qui fit la renommée de Fred Astaire, nécessite de porter des chaussures munies de lames de métal ?Les claquettes
85%
Quel footballeur né à Marseille a gagné 4 titres de champion avec Manchester United dans les années 1990 ?Eric Cantona
72%
Quelle chanteuse grecque interpète le tube "L'Amour en héritage" au milieu des années 1980 ?Nana Mouskouri
71%
De quel groupe de rock britannique les frères Noel et Liam Gallagher sont-ils les piliers ?Oasis
62%

Distribution des résultats

Percentile par nombre de réponses

% des personnes avec chaque résultat

Votre développement - résultats

Vous n’avez pas pris ce quiz